UBT Library

Të Edukohet Qytetari (Record no. 60839)

000 -LEADER
fixed length control field 00301nam a22001337a 4500
008 - FIXED-LENGTH DATA ELEMENTS--GENERAL INFORMATION
fixed length control field 260223b ||||| |||| 00| 0 eng d
020 ## - INTERNATIONAL STANDARD BOOK NUMBER
International Standard Book Number 9951050839
041 ## - LANGUAGE CODE
Language code of text/sound track or separate title eng
080 ## - UNIVERSAL DECIMAL CLASSIFICATION NUMBER
Universal Decimal Classification number 316.722
100 ## - Rafti
Rafti 20.1
101 ## - Shkurtesa
Shkurtesa roman
245 ## - TITLE STATEMENT
Title Të Edukohet Qytetari
Statement of responsibility, etc Patrice Canivez
942 ## - ADDED ENTRY ELEMENTS (KOHA)
Source of classification or shelving scheme
Item type Books
Holdings
Withdrawn status Lost status Source of classification or shelving scheme Damaged status Not for loan Collection code Permanent location Current location Date acquired Total Checkouts Barcode Date last seen Price effective from Koha item type
          Koleksioni i përgjithshem UBT - Lipjan UBT - Lipjan 02/23/2026   002-800070999555 02/23/2026 02/23/2026 Books
UBT Library © 2015-2024. All rights reserved University Education for Business and Technology